000 00548nam a2200181 a 4500
005 20140412111307.0
008 010430s19uu xx 00 eng d
020 _a1-878624-40-7
050 _aTR(PS E
_bLi72 1990
100 _aBurrows, Rogers
245 _aLittle tugboat that sneezed (The) /
_cby Roger Burrows ; pictures by Kelvin Hawley.
260 _aNew York :
_bMcClanahan Book Company,
_c1990.
300 _a1v. (unp.) ; ill.
440 _aStorytime Books
650 _aBoats-Stories
650 _aChildren's stories
999 _c103753
_d103753